Regionálna investičná pomoc - nový zákon
Nový zákon o regionálnej investičnej pomoci č. 57/2018 Z. z. Cieľ zákona - zlepšenie podnikateľského prostredia a zníženie administratívnej záťaže podnikateľov. Súčasť nového zákona - novelizácia súvisiacich právnych predpisov.
Saved in:
| Main Author: | |
|---|---|
| Format: | Book Chapter |
| Language: | Slovak |
| Subjects: | |
| Tags: |
No Tags, Be the first to tag this record!
|
MARC
| LEADER | 00000naa a2200000 4500 | ||
|---|---|---|---|
| 001 | 0242714 | ||
| 005 | 20180509134726.9 | ||
| 041 | 0 | |a slo | |
| 044 | |a SK | ||
| 245 | 1 | 0 | |a Regionálna investičná pomoc - nový zákon |c Andrea Berková |
| 520 | |a Nový zákon o regionálnej investičnej pomoci č. 57/2018 Z. z. Cieľ zákona - zlepšenie podnikateľského prostredia a zníženie administratívnej záťaže podnikateľov. Súčasť nového zákona - novelizácia súvisiacich právnych predpisov. | ||
| 610 | 2 | 0 | |a zákony |
| 610 | 2 | 0 | |a novelizácia |
| 610 | 2 | 0 | |a investície |
| 610 | 2 | 0 | |a investori |
| 610 | 2 | 0 | |a podnikanie |
| 610 | 2 | 0 | |a podnikatelia |
| 610 | 2 | 0 | |a konkurencieschopnosť |
| 610 | 2 | 0 | |a pomoc štátna |
| 610 | 2 | 0 | |a pomoc finančná |
| 610 | 2 | 0 | |a dotácie |
| 100 | 1 | |a Berková, Andrea | |